Cartilla impuesto de industria y comercio ICA Medellin 2011

Detalles Bibliográficos
Autor principal: Parra Ortiz , Harold Ferney
Formato: eBook
Lenguaje:español
Publicado: Bogot:̀ Editorial Nueva Legislacin̤, 2011
Materias:
Acceso en línea:Acceso restringido

MARC

LEADER 00000nam a22000007a 4500
005 20131009161111.0
007 cr|||| ||||
008 131009s2011 co |||||s|||| 00||0 spa d
020 |a 978-958-8371-38-2 
035 |a 11529 
040 |a vLex 
090 |c 4521  |d 4521 
100 1 |a Parra Ortiz , Harold Ferney 
245 1 0 |a Cartilla impuesto de industria y comercio ICA Medellin 2011  |h [Recurso electrn̤ico] /  |c Harold Ferney Parra Ortiz  
256 |a Servicio en ln̕ea 
260 |a Bogot:̀  |b Editorial Nueva Legislacin̤,  |c 2011 
300 |a 1 recurso electrn̤ico 
506 1 |a Contenido solo disponible en los productos idnicados  |d vLex Global  |d vLex Global (Academic Edition, excluding Law Schools)  |d vLex Global (U.S. Academic Edition, Law Schools)  |d vLex Global (U.S. Academic Edition, excluding Law Schools)  |d vLex Global (Academic Edition, Law Schools) 
650 0 4 |a Impuestos  |z Colombia 
740 0 |a vLex Libros (Servicio en ln̕ea) 
856 4 0 |u http://vlex.com/source/cartilla-impuesto-de-industria-y-comercio-ica-medellin-2011-11529  |z Acceso restringido 
942 |c BOOK 
999 0 |a Taxation